| 000 | 00419nam a22001337a 4500 | ||
|---|---|---|---|
| 040 | _cNUST | ||
| 082 | _a200 THE | ||
| 100 |
_aJuhaifa Habib _9111964 |
||
| 110 |
_aSupervisor: Dr. Syed Muhammad Ali _9100820 |
||
| 245 | _aTH-SOF-2149-Impact of Service Robots on Customer Visit Intention:A Case Study From Pakistan | ||
| 260 |
_aISLAMABAD: _bNUST COLLEGE OF EME, _c2023. |
||
| 650 |
_aMS-EM-20 _992085 |
||
| 942 |
_2ddc _cTHE |
||
| 999 |
_c594541 _d594541 |
||